[Event "DEN-chT XtraCon 2018-19"]
[Site "Denmark"]
[Date "2019.03.17"]
[Round "9"]
[White "Teplyi, Igor"]
[Black "Hector, Jonny"]
[Result "1/2-1/2"]
[WhiteElo "2417"]
[BlackElo "2468"]
[Annotator "TA"]
[PlyCount "93"]
[EventDate "2018.10.27"]
[EventType "team-tourn"]
[EventCountry "DEN"]
[SourceTitle "playchess.com"]
[Source "ChessBase"]
[SourceQuality "1"]

{[%evp 16,93,22,23,30,26,26,16,29,0,0,0,0,0,0,-15,36,28,34,33,36,32,75,75,75,68,69,43,73,70,77,65,81,81,90,87,95,68,94,103,109,69,108,94,101,102,101,79,79,79,79,79,91,72,146,83,91,87,112,54,81,54,56,57,51,51,113,35,39,10,83,12,10,0,0,0,25,0,0,0]} 1. Nf3 d5 2. e3 Nf6 3. c4 c6 4. Nc3 e6 5. b3 Bd6 6. Bb2 O-O 7. d4 Ne4 8. Qc2 f5 9. Bd3 Nd7 {A85: Dutch Defence: 2 c4 Nf6 3 Nc3} (9... b6 10. Ne5 Bb7 11. O-O a5 12. f3 Nxc3 13. Bxc3 Na6 14. cxd5 cxd5 15. Qe2 a4 16. bxa4 Bxe5 17. dxe5 {½-½ (30) Flear,G (2488)-Krasenkow,M (2635) Saint-Quentin 2014}) 10. O-O Qf6 11. Ne2 g5 12. Ne1 Qh6 {[%csl Gd6][%cal Rh6h2] [#]} 13. g3 $146 ({Predecessor:} 13. f4 Ndf6 14. Qc1 gxf4 15. exf4 Kh8 16. Nf3 Rg8 17. Ne5 Qg7 {½-½ (32) Gandrud,V (2242)-Festa,S (2075) Caleta 2014}) 13... Ndf6 14. f3 Bd7 15. Nc3 g4 (15... Nxc3 $11 16. Qxc3 g4) 16. fxe4 $14 fxe4 17. Qe2 {[#] Hoping for Bc2.} exd3 18. Nxd3 Qg7 19. e4 $36 {[%mdl 2048] White is in control.} Nh5 20. e5 Be7 21. c5 Rf5 22. Rxf5 exf5 23. Bc1 Qf7 24. Be3 Ng7 25. Nf4 h5 26. b4 Ne6 27. Nxe6 Qxe6 28. Qd2 f4 29. Bxf4 Qg6 30. b5 Rf8 31. Rf1 Bf5 32. bxc6 bxc6 33. Qb2 Bd8 34. Bd2 h4 (34... Be7 $142) 35. Ne2 (35. Qb7 $142) 35... Qh7 $16 36. Qb3 Re8 37. Qe3 ({Better is} 37. Rf2 $16) 37... Bc8 38. Nc3 Be7 39. Qh6 Qxh6 40. Bxh6 Bd8 (40... Kh7 $14 41. Bf4 Kg6) 41. gxh4 ({White should play} 41. Rf2 $16) 41... Bxh4 $14 42. Be3 Re7 (42... Ba6 $11 {keeps the balance.} 43. Rf4 Bc8) 43. Kg2 (43. Rb1 $16) 43... Ba6 $11 44. Rf4 Bc8 45. Rf1 Ba6 46. Rf4 Bc8 47. Rf1 {Accuracy: White = 43%, Black = 56%.} 1/2-1/2

[Event "DEN-chT XtraCon 2018-19"]
[Site "Denmark"]
[Date "2019.03.17"]
[Round "9"]
[White "Brynell, Stellan"]
[Black "Bank, Pelle"]
[Result "1/2-1/2"]
[WhiteElo "2403"]
[BlackElo "2298"]
[Annotator "ChessBase"]
[PlyCount "97"]
[EventDate "2018.10.27"]
[EventType "team-tourn"]
[EventCountry "DEN"]
[SourceTitle "playchess.com"]
[Source "ChessBase"]
[SourceQuality "1"]
[TimeControl "40/5400+30:1800+30"]

1. d4 {[%emt 0:00:00]} g6 {[%emt 0:00:00]} 2. Nf3 {[%emt 0:01:13]} Bg7 {[%emt 0:00:00]} 3. c4 {[%emt 0:00:51]} d6 {[%emt 0:00:00]} 4. Nc3 {[%emt 0:00:54]} Nf6 {[%emt 0:00:00]} 5. g3 {[%emt 0:00:45]} O-O {[%emt 0:00:05]} 6. Bg2 {[%emt 0:00:03]} Nc6 {[%emt 0:00:05]} 7. O-O {[%emt 0:00:08]} a6 {[%emt 0:00:12]} 8. b3 {[%emt 0:01:47]} e5 {[%emt 0:05:23]} 9. dxe5 {[%emt 0:01:44]} dxe5 {[%emt 0:00:06]} 10. Bg5 {[%emt 0:15:15]} Qxd1 {[%emt 0:21:22]} 11. Raxd1 {[%emt 0:07:29]} h6 {[%emt 0:02:42]} 12. Be3 {[%emt 0:12:43]} Re8 {[%emt 0:00:05]} 13. Nd5 {[%emt 0:05:00]} Nxd5 {[%emt 0:03:47]} 14. cxd5 {[%emt 0:00:09]} Nb4 {[%emt 0:14:01]} 15. a3 {[%emt 0:09:56]} Nc2 {[%emt 0:00:05]} 16. Bc5 {[%emt 0:06:36]} Bf8 {[%emt 0:32:41]} 17. Bxf8 {[%emt 0:02:54]} Kxf8 {[%emt 0:00:04]} 18. a4 {[%emt 0:03:57]} Nb4 {[%emt 0:02:29]} 19. d6 {[%emt 0:04:10]} cxd6 {[%emt 0:00:40]} 20. Rxd6 {[%emt 0:00:07]} Nc6 {[%emt 0:00:32]} 21. Rc1 {[%emt 0:05:13]} Rb8 {[%emt 0:04:17]} 22. e3 {[%emt 0:02:05]} a5 {[%emt 0:04:38]} 23. Nd2 {[%emt 0:01:16]} Re6 {[%emt 0:04:08]} 24. Rxe6 {[%emt 0:03:55]} Bxe6 {[%emt 0:00:05]} 25. Bxc6 {[%emt 0:00:08]} Rc8 {[%emt 0:00:03]} 26. Kf1 {[%emt 0:04:02]} Ke7 {[%emt 0:00:20]} 27. Ke2 {[%emt 0:00:42]} f5 {[%emt 0:00:48]} 28. Rc5 {[%emt 0:03:00]} e4 {[%emt 0:03:15]} 29. Rxa5 {[%emt 0:03:05]} Rxc6 {[%emt 0:00:03]} 30. Rb5 {[%emt 0:00:11]} b6 {[%emt 0:00:10]} 31. f3 {[%emt 0:02:17]} Bc8 {[%emt 0:01:43]} 32. Nc4 {[%emt 0:02:48]} Ba6 {[%emt 0:00:06]} 33. Rb4 {[%emt 0:00:12]} Bxc4+ {[%emt 0:01:39]} 34. bxc4 {[%emt 0:01:25]} exf3+ {[%emt 0:00:26]} 35. Kxf3 {[%emt 0:00:02]} Kd6 {[%emt 0:00:16]} 36. Rb5 {[%emt 0:00:59]} Kc7 {[%emt 0:00:14]} 37. Rb4 {[%emt 0:00:26]} Kd6 {[%emt 0:00:05]} 38. h4 {[%emt 0:00:47]} h5 {[%emt 0:01:50]} 39. Rb5 {[%emt 0:00:21]} Kc7 {[%emt 0:00:04]} 40. Rb4 {[%emt 0:00:16]} Kd6 {[%emt 0:00:01]} 41. Rb5 {[%emt 0:07:34]} Kc7 {[%emt 0:00:51]} 42. a5 {[%emt 0:04:42]} bxa5 {[%emt 0:00:26]} 43. Rxa5 {[%emt 0:00:05]} Rxc4 {[%emt 0:00:08]} 44. Rd5 {[%emt 0:00:03]} Kc6 {[%emt 0:08:01]} 45. Rd8 {[%emt 0:00:08]} Re4 {[%emt 0:00:45]} 46. Rg8 {[%emt 0:02:47]} Rg4 {[%emt 0:00:11]} 47. Rd8 {[%emt 0:00:09]} Kc5 {[%emt 0:05:22]} 48. Rd7 {[%emt 0:01:50]} Kc4 {[%emt 0:03:01]} 49. Rd8 {[%emt 0:02:10]} 1/2-1/2

[Event "DEN-chT XtraCon 2018-19"]
[Site "Denmark"]
[Date "2019.03.17"]
[Round "9"]
[White "Bromann, Thorbjorn"]
[Black "Rosenkilde, Alexander"]
[Result "0-1"]
[WhiteElo "2395"]
[BlackElo "2253"]
[Annotator "NA"]
[PlyCount "72"]
[EventDate "2018.10.27"]
[EventType "team-tourn"]
[EventCountry "DEN"]
[SourceTitle "playchess.com"]
[Source "ChessBase"]
[SourceQuality "1"]
[TimeControl "40/5400+30:1800+30"]

1. c4 {[%emt 0:00:00]} e5 {[%emt 0:00:17]} 2. g3 {[%emt 0:00:00]} Nc6 {[%emt 0:00:14]} 3. Bg2 {[%emt 0:00:03]} Bc5 {[%emt 0:03:09]} 4. Nc3 {[%emt 0:00:09]} a6 {[%emt 0:01:20]} 5. e3 {[%emt 0:00:23]} d6 {[%emt 0:00:51]} 6. Nf3 {[%emt 0:02:20]} Nf6 {[%emt 0:02:26]} 7. h3 {[%emt 0:04:37]} O-O {[%emt 0:05:16]} 8. O-O {[%emt 0:03:51]} Bf5 {[%emt 0:13:49]} 9. d4 {[%emt 0:03:12]} exd4 {[%emt 0:12:06]} 10. Nxd4 {[%emt 0:01:02]} Bd7 {[%emt 0:12:32]} 11. b3 {[%emt 0:03:17]} Ba7 {[%emt 0:01:47]} 12. Bb2 {[%emt 0:03:25]} Re8 {[%emt 0:01:41]} 13. g4 {[%emt 0:02:57]} h6 {[%emt 0:02:44]} 14. Rc1 {[%emt 0:25:59]} Rb8 {[%emt 0:06:04]} 15. Nce2 {[%emt 0:07:30]} Nxd4 {[%emt 0:02:55]} 16. exd4 {[%emt 0:05:19]} d5 {[%emt 0:02:56]} 17. Ng3 {[%emt 0:07:04]} Rc8 $14 {[%emt 0:08:19]} ({Black should play} 17... c6 $11) 18. Re1 {[%emt 0:05:23]} c6 {[%emt 0:03:26]} 19. Rxe8+ {[%emt 0:01:58]} Qxe8 {[%emt 0:00:08]} 20. Qd2 {[%emt 0:00:34]} Bb8 {[%emt 0:02:22]} 21. Re1 {[%emt 0:01:42]} Be6 {[%emt 0:01:04]} 22. f4 {[%emt 0:03:01]} Qd8 {[%emt 0:02:08]} 23. c5 {[%emt 0:05:59]} Qc7 {[%emt 0:01:26]} 24. Bc1 {[%emt 0:01:19]} Re8 {[%emt 0:00:18]} 25. Qf2 {[%emt 0:03:56]} Bc8 {[%emt 0:02:47]} 26. Rxe8+ {[%emt 0:01:35]} Nxe8 {[%emt 0:00:05]} 27. Nh5 {[%emt 0:01:45]} Qe7 {[%emt 0:02:17]} 28. Kf1 {[%emt 0:03:32]} Nf6 {[%emt 0:05:20]} 29. Qh4 {[%emt 0:00:35]} Kf8 {[%emt 0:02:49]} 30. Nxg7 {[%emt 0:00:45]} Kxg7 {[%emt 0:01:03]} 31. f5 {[%emt 0:00:05]} h5 {[%emt 0:01:16]} 32. gxh5 {[%emt 0:02:08]} Ng8 {[%emt 0:00:31]} 33. h6+ {[%emt 0:00:32]} Kh7 {[%emt 0:00:26]} 34. Bg5 {[%emt 0:00:30]} f6 {[%emt 0:00:12]} 35. Bf4 {[%emt 0:00:31]} Bxf4 {[%emt 0:00:24]} 36. Qxf4 {[%emt 0:00:01]} Nxh6 {[%emt 0:00:11]} 0-1

[Event "DEN-chT XtraCon 2018-19"]
[Site "Denmark"]
[Date "2019.03.17"]
[Round "9"]
[White "Sorensen, Jan"]
[Black "Brunello, Sabino"]
[Result "1/2-1/2"]
[WhiteElo "2393"]
[BlackElo "2538"]
[Annotator "TA"]
[PlyCount "80"]
[EventDate "2018.10.27"]
[EventType "team-tourn"]
[EventCountry "DEN"]
[SourceTitle "playchess.com"]
[Source "ChessBase"]
[SourceQuality "1"]

{[%evp 9,80,13,29,29,33,22,35,25,67,52,74,25,57,39,41,47,39,24,26,21,11,0,15,-2,0,0,43,29,40,0,0,-10,-5,-10,-14,-12,-6,-14,-7,-37,-51,-32,6,8,8,2,8,13,9,0,3,4,0,0,0,0,0,-12,0,0,0,0,0,0,0,0,0,0,0,0,0,0,8]} 1. e4 c5 2. Nf3 e6 3. Nc3 Nc6 4. Be2 Nf6 5. O-O b6 (5... d5 6. exd5 exd5 7. d4 c4 8. Ne5 Be7 9. Bf3 O-O 10. Re1 h6 11. a3 Re8 12. Bf4 Bf5 {½-½ (21) Predojevic,B (2614)-Banusz,T (2608) Ruma 2017}) 6. d4 {B40: Sicilian: 2...e6, Unusual lines} cxd4 7. Nxd4 Bb7 8. Nxc6 $146 {White is slightly better.} ({Predecessor:} 8. Bf4 Nxd4 9. Qxd4 Bc5 10. Qd3 O-O 11. Rad1 Bb4 12. e5 Bxc3 13. Qxc3 Rc8 {1-0 (58) Nguyen,D (2500)-Bitoon,R (2417) Olongapo City 2015}) 8... dxc6 9. e5 Nd7 10. f4 (10. Qd4 {is more complex.} Qc7 11. Rd1 Be7 12. Ne4 c5 13. Nd6+) 10... Qc7 11. Qe1 Be7 12. Be3 O-O 13. Rd1 Rfd8 14. Qg3 Nf8 15. Bd3 Ng6 16. f5 exf5 17. Rxf5 {And now e6 would win.} Bc8 18. Rxf7 {Hoping for Bc4.} Be6 19. Rff1 (19. Bxg6 {is interesting.} Rxd1+ 20. Nxd1 hxg6 21. Rf1 Bf5 22. c3) 19... Qxe5 (19... Bh4 $5 20. Qf3 $8 Qxe5 $11) 20. Bxg6 Qxg3 {[#]} 21. Bxh7+ $1 {[%mdl 512]} Kxh7 22. hxg3 Rxd1 23. Rxd1 Bf5 24. Ne2 Bxc2 25. Rd7 Re8 26. Rxa7 {The position is equal.} c5 27. b3 Bf6 28. Kf2 Be4 29. Nf4 Ra8 30. Rxa8 Bxa8 $11 {[%mdl 4096] Endgame KBB-KBN} 31. Ne6 Kg6 32. g4 Kf7 33. g5 {[#] Threatens to win with Nc7.} Be5 (33... Be7 {feels hotter.} 34. Nc7 Bb7 35. g3 Kg6 36. Nb5 Bc6) 34. Nf4 Be4 35. Ke2 Ke7 36. Nd3 Bc7 37. g4 Kd7 38. Kd2 Kc6 39. Kc3 Bd6 40. a4 b5 {Accuracy: White = 54%, Black = 81%.} 1/2-1/2

[Event "DEN-chT XtraCon 2018-19"]
[Site "Denmark"]
[Date "2019.03.17"]
[Round "9"]
[White "Jepson, Christian"]
[Black "Berg, Klaus"]
[Result "1/2-1/2"]
[WhiteElo "2391"]
[BlackElo "2298"]
[Annotator "NA"]
[PlyCount "99"]
[EventDate "2018.10.27"]
[EventType "team-tourn"]
[EventCountry "DEN"]
[SourceTitle "playchess.com"]
[Source "ChessBase"]
[SourceQuality "1"]
[TimeControl "40/5400+30:1800+30"]

1. c4 {[%emt 0:00:00]} g6 {[%emt 0:00:25]} 2. d4 {[%emt 0:00:31]} Bg7 {[%emt 0:00:29]} 3. e4 {[%emt 0:00:15]} d6 {[%emt 0:00:12]} 4. Nc3 {[%emt 0:00:07]} Nf6 {[%emt 0:01:13]} 5. Be2 {[%emt 0:01:26]} O-O {[%emt 0:00:10]} 6. Nf3 {[%emt 0:00:32]} e5 {[%emt 0:00:17]} 7. d5 {[%emt 0:00:04]} Na6 {[%emt 0:00:44]} 8. O-O {[%emt 0:01:31]} Nc5 {[%emt 0:00:56]} 9. Qc2 {[%emt 0:00:20]} a5 {[%emt 0:00:04]} 10. Bg5 {[%emt 0:00:23]} h6 {[%emt 0:00:53]} 11. Be3 {[%emt 0:00:38]} b6 {[%emt 0:02:40]} 12. Nd2 {[%emt 0:00:42]} Ng4 {[%emt 0:03:58]} 13. Bxg4 {[%emt 0:01:41]} Bxg4 {[%emt 0:00:06]} 14. b3 {[%emt 0:04:43]} Bd7 {[%emt 0:03:03]} 15. a3 {[%emt 0:00:26]} f5 {[%emt 0:01:17]} 16. f3 {[%emt 0:03:20]} fxe4 {[%emt 0:06:10]} 17. fxe4 {[%emt 0:12:26]} Rxf1+ {[%emt 0:05:13]} 18. Rxf1 {[%emt 0:03:31]} Be8 {[%emt 0:06:45]} 19. b4 {[%emt 0:19:32]} axb4 {[%emt 0:00:53]} 20. axb4 Nd7 {[%emt 0:00:24]} 21. Qb2 {[%emt 0:02:06]} Kh7 {[%emt 0:07:00]} 22. Ra1 {[%emt 0:02:01]} Bf6 {[%emt 0:03:58]} 23. Nb5 {[%emt 0:15:07]} Rxa1+ {[%emt 0:04:07]} 24. Qxa1 {[%emt 0:00:03]} Nf8 {[%emt 0:01:40]} 25. Nc3 {[%emt 0:06:48]} Bg5 {[%emt 0:00:11]} 26. Bxg5 {[%emt 0:02:57]} Qxg5 {[%emt 0:00:05]} 27. Nf1 {[%emt 0:00:06]} Bd7 {[%emt 0:05:12]} 28. Qe1 {[%emt 0:07:18]} Kg7 {[%emt 0:00:10]} 29. Qe3 {[%emt 0:00:49]} Nh7 {[%emt 0:03:59]} 30. Qxg5 {[%emt 0:01:29]} Nxg5 {[%emt 0:00:03]} 31. Nd2 {[%emt 0:01:08]} Kf7 {[%emt 0:01:07]} 32. Kf2 {[%emt 0:04:50]} Ke7 {[%emt 0:00:06]} 33. Nf3 {[%emt 0:00:46]} Nxf3 {[%emt 0:02:15]} 34. Kxf3 {[%emt 0:00:12]} Kf6 {[%emt 0:02:03]} 35. h3 {[%emt 0:04:28]} Kg5 {[%emt 0:03:12]} 36. Kg3 {[%emt 0:01:19]} h5 {[%emt 0:01:12]} 37. h4+ {[%emt 0:00:52]} Kf6 {[%emt 0:00:03]} 38. Kf2 {[%emt 0:00:33]} g5 {[%emt 0:02:22]} 39. g3 {[%emt 0:02:38]} gxh4 {[%emt 0:00:24]} 40. gxh4 {[%emt 0:00:16]} Ke7 {[%emt 0:00:19]} 41. Ke3 {[%emt 0:06:39]} Bh3 {[%emt 0:03:35]} 42. Nb5 {[%emt 0:04:40]} Kd7 {[%emt 0:01:12]} 43. Kf2 {[%emt 0:00:41]} Bg4 {[%emt 0:02:17]} 44. Na7 {[%emt 0:05:44]} Bd1 {[%emt 0:05:31]} 45. Ke3 {[%emt 0:00:06]} Bc2 {[%emt 0:05:54]} 46. b5 {[%emt 0:11:10]} Bd1 {[%emt 0:01:35]} 47. Nc6 {[%emt 0:00:09]} Bg4 {[%emt 0:00:11]} 48. Nb8+ {[%emt 0:00:25]} Kc8 {[%emt 0:01:16]} 49. Nc6 {[%emt 0:00:07]} Kd7 {[%emt 0:00:19]} 50. Nb8+ {[%emt 0:00:09]} 1/2-1/2

[Event "DEN-chT XtraCon 2018-19"]
[Site "Denmark"]
[Date "2019.03.17"]
[Round "9"]
[White "Rostgaard, Tobias Valentin"]
[Black "Kristensen, Leif"]
[Result "1/2-1/2"]
[WhiteElo "2388"]
[BlackElo "2309"]
[Annotator "NA"]
[PlyCount "116"]
[EventDate "2018.10.27"]
[EventType "team-tourn"]
[EventCountry "DEN"]
[SourceTitle "playchess.com"]
[Source "ChessBase"]
[SourceQuality "1"]
[TimeControl "40/5400+30:1800+30"]

1. c4 {[%emt 0:00:00]} g6 {[%emt 0:00:00]} 2. g3 {[%emt 0:00:00]} Bg7 {[%emt 0:00:21]} 3. Bg2 {[%emt 0:00:00]} d6 {[%emt 0:00:41]} 4. Nc3 {[%emt 0:00:12]} Nf6 {[%emt 0:01:36]} 5. e4 {[%emt 0:01:18]} e5 {[%emt 0:01:39]} 6. Nge2 {[%emt 0:00:16]} Nc6 {[%emt 0:04:05]} 7. d3 {[%emt 0:01:23]} Be6 {[%emt 0:02:54]} 8. O-O {[%emt 0:01:55]} Qd7 {[%emt 0:00:58] A26: English Opening vs King's Indian with ...Nc6 and d3} 9. Nd5 {[%emt 0:01:38]} Nh5 {[%emt 0:10:45]} (9... O-O 10. Bg5 Ng4 11. f3 f6 12. Bd2 Nh6 13. Be3 Ne7 14. d4 c6 15. Nxe7+ Qxe7 16. d5 Bc8 17. dxc6 bxc6 {1-0 (38) Hagen,A (2454)-Borge,N (2408) Denmark 2011}) 10. Be3 {[%emt 0:06:39]} Nd4 {[%emt 0:02:42]} 11. Nxd4 {[%emt 0:01:41]} exd4 {[%emt 0:00:02]} 12. Bd2 {[%emt 0:00:27]} c6 {[%emt 0:00:57]} 13. Nf4 {[%emt 0:00:41]} Nxf4 {[%emt 0:00:35]} 14. Bxf4 {[%emt 0:00:06]} O-O $146 {[%emt 0:01:27]} ({Predecessor:} 14... h5 15. Qd2 h4 16. gxh4 Rxh4 {½-½ (26) Kraich,K (2088)-Gould,C (1939) Bayern 2013}) 15. b4 {[%emt 0:03:23]} Rfe8 {[%emt 0:06:25]} 16. Re1 {[%emt 0:01:03]} f5 {[%emt 0:04:26]} 17. exf5 {[%emt 0:02:52]} Bxf5 {[%emt 0:00:13]} 18. Qd2 {[%emt 0:00:23]} Rac8 {[%emt 0:07:02]} 19. h4 {[%emt 0:02:22]} b5 {[%emt 0:06:26]} 20. Rxe8+ {[%emt 0:07:52]} Rxe8 {[%emt 0:00:06]} 21. cxb5 {[%emt 0:00:15]} cxb5 {[%emt 0:00:02]} 22. Rc1 {[%emt 0:00:17]} Qe6 {[%emt 0:04:08]} 23. Bf3 {[%emt 0:03:28]} Be5 {[%emt 0:05:50]} 24. Bxe5 {[%emt 0:03:09]} Qxe5 {[%emt 0:00:51]} 25. Bc6 {[%emt 0:05:43]} Re7 {[%emt 0:00:46]} 26. h5 {[%emt 0:03:04]} Kg7 {[%emt 0:01:53]} 27. Bf3 {[%emt 0:04:11]} Bh3 {[%emt 0:04:37]} 28. Kh2 {[%emt 0:10:36]} Qf5 {[%emt 0:08:10]} (28... Bd7 $11 {remains equal.}) 29. h6+ {[%emt 0:00:54]} Kf6 {[%emt 0:00:31]} 30. Be4 {[%emt 0:01:19]} Qh5 {[%emt 0:03:02]} 31. Qf4+ {[%emt 0:02:19]} Bf5+ {[%emt 0:04:00]} 32. Kg1 {[%emt 0:00:23]} Re5 $18 {[%emt 0:00:56]} 33. Bf3 {[%emt 0:02:02]} Qg5 {[%emt 0:00:44]} 34. Rc6 {[%emt 0:03:38]} Re1+ {[%emt 0:01:29]} 35. Kg2 {[%emt 0:00:37]} Qxf4 {[%emt 0:00:21]} 36. gxf4 {[%emt 0:00:06]} Ke6 {[%emt 0:02:23]} 37. Rc7 {[%emt 0:00:31]} g5 {[%emt 0:01:58]} 38. fxg5 {[%emt 0:00:58]} Bxd3 {[%emt 0:01:46]} 39. Rg7 {[%emt 0:02:13]} Re5 {[%emt 0:05:23]} 40. Bg4+ {[%emt 0:01:23]} Kd5 {[%emt 0:05:04]} 41. f4 {[%emt 0:30:31]} Re8 {[%emt 0:06:01]} 42. f5 {[%emt 0:00:00]} Be2 {[%emt 0:00:49]} 43. Bxe2 {[%emt 0:00:00]} Rxe2+ {[%emt 0:00:02]} 44. Kf3 {[%emt 0:00:00]} Re5 {[%emt 0:01:41]} 45. Rxa7 {[%emt 0:00:00]} Rxf5+ {[%emt 0:02:10]} 46. Kg4 {[%emt 0:00:00]} Rf8 {[%emt 0:02:39]} 47. a4 {[%emt 0:00:00]} bxa4 {[%emt 0:02:15]} 48. Rxa4 {[%emt 0:00:00]} d3 {[%emt 0:00:21]} 49. Ra1 {[%emt 0:00:00]} Kc4 {[%emt 0:03:10]} 50. Rb1 {[%emt 0:01:58]} Kc3 {[%emt 0:01:36]} 51. g6 {[%emt 0:07:56]} hxg6 {[%emt 0:00:44]} 52. b5 {[%emt 0:00:10]} d2 {[%emt 0:02:24]} 53. b6 {[%emt 0:01:20]} Kc2 {[%emt 0:04:42]} 54. Rh1 {[%emt 0:01:44]} d5 {[%emt 0:01:18]} 55. Kg5 {[%emt 0:00:51]} d1=Q {[%emt 0:01:28]} 56. Rxd1 {[%emt 0:00:04]} Kxd1 {[%emt 0:00:17]} 57. h7 {[%emt 0:02:44]} Rb8 {[%emt 0:01:44]} 58. Kh6 {[%emt 0:00:06]} d4 {[%emt 0:01:46]} 1/2-1/2

[Event "DEN-chT XtraCon 2018-19"]
[Site "Denmark"]
[Date "2019.03.17"]
[Round "9"]
[White "V. Pedersen, Nicolai"]
[Black "Jaksland, Tim"]
[Result "1-0"]
[WhiteElo "2384"]
[BlackElo "2228"]
[Annotator "NA"]
[PlyCount "69"]
[EventDate "2018.10.27"]
[EventType "team-tourn"]
[EventCountry "DEN"]
[SourceTitle "playchess.com"]
[Source "ChessBase"]
[SourceQuality "1"]
[TimeControl "40/5400+30:1800+30"]

1. e4 {[%emt 0:00:00]} c5 {[%emt 0:00:00]} 2. Nf3 {[%emt 0:00:00]} e6 {[%emt 0:00:06]} 3. c3 {[%emt 0:00:57]} Nf6 {[%emt 0:01:00]} 4. e5 {[%emt 0:00:26]} Nd5 {[%emt 0:00:07]} 5. d4 {[%emt 0:00:16]} cxd4 {[%emt 0:00:25]} 6. cxd4 {[%emt 0:00:23]} d6 {[%emt 0:00:28]} 7. Bd3 {[%emt 0:04:36]} Nc6 {[%emt 0:06:31]} 8. O-O {[%emt 0:02:52]} Ndb4 {[%emt 0:08:04]} 9. Bc4 {[%emt 0:06:03]} dxe5 {[%emt 0:04:20]} 10. a3 $1 {[%emt 0:13:29]} e4 {[%emt 0:11:56]} 11. Ng5 {[%emt 0:02:59]} Nd3 {[%emt 0:04:59]} 12. d5 {[%emt 0:06:43]} (12. Qh5 $2 g6 $17) 12... exd5 {[%emt 0:10:42]} 13. Bxd3 {[%emt 0:02:41]} exd3 {[%emt 0:00:08]} 14. Re1+ {[%emt 0:01:08]} Be7 {[%emt 0:01:07]} 15. Qh5 {[%emt 0:03:39]} g6 {[%emt 0:01:31]} 16. Qh6 {[%emt 0:01:51]} Be6 {[%emt 0:22:55]} 17. Bf4 $15 {[%emt 0:27:39]} Qd7 {[%emt 0:12:06]} 18. Nc3 {[%emt 0:01:47]} O-O-O {[%emt 0:03:37]} 19. Rac1 {[%emt 0:01:00]} Bd6 {[%emt 0:02:48]} 20. Bxd6 {[%emt 0:02:56]} Qxd6 {[%emt 0:00:07]} 21. Nxe6 {[%emt 0:01:56]} fxe6 {[%emt 0:00:45]} 22. Nb5 {[%emt 0:00:14]} Qf8 {[%emt 0:00:29]} 23. Qe3 {[%emt 0:01:29]} d4 {[%emt 0:06:47]} 24. Nxa7+ {[%emt 0:05:46]} Kc7 {[%emt 0:00:24]} 25. Qxd3 {[%emt 0:01:03]} Qf5 {[%emt 0:00:22]} 26. Qg3+ {[%emt 0:02:13]} Kd7 {[%emt 0:00:39]} 27. Nxc6 {[%emt 0:06:15]} bxc6 {[%emt 0:00:02]} 28. Re5 {[%emt 0:00:06]} Qf6 {[%emt 0:00:31]} 29. Rd1 {[%emt 0:00:14]} Ke7 {[%emt 0:00:34]} 30. Rd3 {[%emt 0:01:01]} Rd7 {[%emt 0:00:25]} 31. Rf3 {[%emt 0:00:41]} Qg7 {[%emt 0:00:22]} 32. Qg5+ {[%emt 0:00:27]} Kd6 {[%emt 0:00:10]} 33. Rf6 {[%emt 0:00:34]} Re8 {[%emt 0:00:08]} 34. Qf4 {[%emt 0:00:20]} g5 {[%emt 0:01:48]} 35. Rxg5+ {[%emt 0:00:22] Kd5} 1-0

[Event "DEN-chT XtraCon 2018-19"]
[Site "Denmark"]
[Date "2019.03.17"]
[Round "9"]
[White "Borge, Nikolaj"]
[Black "Boe Olsen, Filip"]
[Result "0-1"]
[WhiteElo "2372"]
[BlackElo "2423"]
[Annotator "TA"]
[PlyCount "34"]
[EventDate "2018.10.27"]
[EventType "team-tourn"]
[EventCountry "DEN"]
[SourceTitle "playchess.com"]
[Source "ChessBase"]
[SourceQuality "1"]

{[%evp 13,34,14,20,7,40,32,23,0,3,-403,-406,-403,-392,-414,-368,-383,-378,-372,-368,-388,-395,-605,-602]} 1. e4 c6 2. d4 d5 3. exd5 cxd5 4. Bd3 Nf6 5. c3 Nc6 6. Nf3 Bg4 7. Bf4 e6 8. Qb3 {B13: Caro-Kann: Exchange Variation and Panov-Botvinnik Attack} (8. O-O Bd6 9. Bg3 h5 10. h3 Bxf3 11. Qxf3 h4 12. Bxd6 Qxd6 13. Nd2 O-O-O 14. b4 Kb8 15. b5 Ne7 16. a4 Rc8 {1-0 (46) Piorun,K (2651)-Saric,I (2669) Katowice 2017}) 8... Qc8 9. Ne5 Bh5 10. Na3 {White has an edge.} Be7 $146 ({Predecessor:} 10... a6 11. Nc2 Nxe5 12. Bxe5 Nd7 13. Bf4 Bg6 14. Rd1 Be7 15. Ne3 Bxd3 16. Rxd3 {0-1 (25) Batkoski,N (1904)-Tevdovski,Z (1841) Skopje 2017}) 11. Ba6 $2 {[%mdl 8192] [#]} (11. O-O $11) 11... bxa6 $19 12. Qa4 Bd6 13. c4 Bxe5 14. dxe5 Nd7 {Hoping for ...Nc5.} 15. cxd5 Nc5 ({Much less strong is} 15... exd5 16. Rc1 $19) 16. Qc4 {[#]} Nb4 $1 {[%mdl 512]} 17. Be3 (17. O-O $142 Ncd3 18. Qd4) (17. Qxb4 Nd3+) 17... exd5 0-1